| 000 | 00365pab a2200157 454500 | ||
|---|---|---|---|
| 008 | 180718b2005 xxu||||| |||| 00| 0 eng d | ||
| 100 | _aSharma, Rajneesh | ||
| 245 | _aPrevention of sexual harassment | ||
| 260 | _c2005 | ||
| 300 | _ap.25-30. | ||
| 362 | _aAug | ||
| 650 | _aSexual abuse | ||
| 700 | _aSharma, Renu | ||
| 773 | _aSocial Welfare | ||
| 909 | _a66676 | ||
| 999 |
_c66676 _d66676 |
||